Java - programování podprocesů (vláken) /

Gespeichert in:
Bibliographische Detailangaben
1. Verfasser: Virius, Miroslav (Verfasst von)
Format: Buch
Sprache:Tschechisch
Veröffentlicht: Praha : Grada, 2021
Ausgabe:1. vydanie
Tags: Tag hinzufügen
Keine Tags, Fügen Sie das erste Tag hinzu!

MARC

LEADER 00000nam a22000003a 4500
001 0097279
003 SK-STU
005 20220923094906.3
007 ta
008 220923s ----xo-----e------000-0-----d
020 |a 978-80-271-3266-9 
040 |a STU  |b slo 
041 0 |a cze 
044 |a xr 
080 |a 681.36 
100 1 |a Virius, Miroslav  |4 aut 
245 1 0 |a Java - programování podprocesů (vláken) /  |c aut. Miroslav Virius 
250 |a 1. vydanie 
260 |a Praha :  |b Grada,  |c 2021 
300 |a 198 s. 
996 |b 284EK90310  |c E* 90310  |l EE01  |s A  |a 24  |w 0097279_0001